000
00329 a2200145 4500
001
181557
020
_a
040
_c
Magnum
100
_a
Torres, Adriana
240
1
0
_a
A carta da pero vaz de caminha
_l
por
245
1
0
_a
A carta da pero vaz de caminha
362
0
_a
1899
697
_a
MAGNITO: IJ/PARADIDATICO
942
_c
BK
999
_c
181557
_d
181557